| 000 | 01207cam a2200325 a 4500 | ||
|---|---|---|---|
| 001 | 1477483 | ||
| 003 | ARRUPE | ||
| 005 | 20130927115325.0 | ||
| 008 | 870520s1988 tnu b s001 0 eng | ||
| 010 | _a 87015144 | ||
| 020 | _a0870495704 (pbk. : alk. paper) | ||
| 020 | _a0870495534 (alk. paper) | ||
| 040 |
_aDLC _cDLC _dDLC |
||
| 043 | _an-us--- | ||
| 050 | 0 | 0 |
_aBL65.P7 _bH47 1988 |
| 100 | 1 |
_aHertzke, Allen D., _d1950- _91605 |
|
| 245 | 1 | 0 |
_aRepresenting God in Washington : _bthe role of religious lobbies in the American polity / _cAllen D. Hertzke. |
| 250 | _a1st ed. | ||
| 260 |
_aKnoxville : _bUniversity of Tennessee Press, _cc1988. |
||
| 300 |
_axvi, 260 p. ; _c22 cm. |
||
| 500 | _aIncludes index. | ||
| 504 | _aBibliography: p. [243]-248. | ||
| 650 | 0 |
_aReligion and politics _zUnited States _xHistory _y20th century. _91606 |
|
| 650 | 0 |
_aReligion and state _zUnited States _xHistory _y20th century. _91607 |
|
| 650 | 0 |
_aLobbying _zUnited States _xHistory _y20th century. _91608 |
|
| 651 | 0 |
_aUnited States _xReligion _y1945- _91609 |
|
| 651 | 0 |
_aUnited States _xPolitics and government _y1945-1989. _91610 |
|
| 906 |
_a7 _bcbc _corignew _d1 _eocip _f19 _gy-gencatlg |
||
| 942 |
_2lcc _cMONOGRAPH |
||
| 999 |
_c118127 _d118127 |
||